=LDR 00000nam 2200000 4500 =001 INLIS000000000050484 =005 20170505112656 =035 ##$$a 0010-0517000137 =007 ta =008 170505###########################0###### =020 ##$$a 978-602-9434-86-6 =082 ##$$a 612.66 =084 ##$$a 612.66 WER b =100 #$$a Werdayanti, Rina =245 1#$$a Bapak Asi dan Ibu Bekeja Menyusui /$c Rina Werdayanti =250 ##$$a Cet.1 =260 ##$$a Yogyakarta :$b Familia,$c 2015 =300 ##$$a vi, 68 hlm. : $b Ilus ; $c 21 cm =650 ##$$a Asi =990 ##$$a 79107910 =990 ##$$a 79107910 =990 ##$$a 79107910 =990 ##$$a 79107910 =990 ##$$a 79107910 =990 ##$$a 79107910 =990 ##$$a 31701493 =990 ##$$a 02201707910 =990 ##$$a 02201707911 =990 ##$$a 02201707912 =990 ##$$a 02201707913 =990 ##$$a 02201707914 =990 ##$$a 31701494 =990 ##$$a 02201707910 =990 ##$$a 02201707911 =990 ##$$a 02201707912 =990 ##$$a 02201707913 =990 ##$$a 31701493 =990 ##$$a 31701495 =990 ##$$a 02201707910 =990 ##$$a 02201707911 =990 ##$$a 02201707912 =990 ##$$a 31701494 =990 ##$$a 31701493 =990 ##$$a 31701496 =990 ##$$a 02201707910 =990 ##$$a 02201707911 =990 ##$$a 31701495 =990 ##$$a 31701494 =990 ##$$a 31701493 =990 ##$$a 31701497 =990 ##$$a 02201707910 =990 ##$$a 31701496 =990 ##$$a 31701495 =990 ##$$a 31701494 =990 ##$$a 31701493 =990 ##$$a 31701498 =990 ##$$a 31701497 =990 ##$$a 31701496 =990 ##$$a 31701495 =990 ##$$a 31701494 =990 ##$$a 31701493